Government and politics in Africa / (Record no. 1717)

MARC details
000 -LEADER
fixed length control field 00757cam a2200265 a 4500
001 - CONTROL NUMBER
control field 1456252
003 - CONTROL NUMBER IDENTIFIER
control field OSt
005 - DATE AND TIME OF LATEST TRANSACTION
control field 20230620131424.0
008 - FIXED-LENGTH DATA ELEMENTS--GENERAL INFORMATION
fixed length control field 850215s1984 enkb b 001 0 eng c
010 ## - LIBRARY OF CONGRESS CONTROL NUMBER
LC control number 85672144
020 ## - INTERNATIONAL STANDARD BOOK NUMBER
International Standard Book Number 0333341880 :
Terms of availability £15.00
020 ## - INTERNATIONAL STANDARD BOOK NUMBER
International Standard Book Number 0333341899 (pbk.)
040 ## - CATALOGING SOURCE
Original cataloging agency MH
Transcribing agency MH
Modifying agency DLC
043 ## - GEOGRAPHIC AREA CODE
Geographic area code f------
082 ## - DEWEY DECIMAL CLASSIFICATION NUMBER
Classification number 320.96
Item number TOR
100 1# - MAIN ENTRY--PERSONAL NAME
Personal name Tordoff, William.
245 10 - TITLE STATEMENT
Title Government and politics in Africa /
Statement of responsibility, etc. William Tordoff.
260 ## - PUBLICATION, DISTRIBUTION, ETC. (IMPRINT)
Place of publication, distribution, etc. London :
Name of publisher, distributor, etc. Macmillan,
Date of publication, distribution, etc. 1984.
300 ## - PHYSICAL DESCRIPTION
Extent xix, 352 p. :
Other physical details map ;
Dimensions 23 cm.
500 ## - GENERAL NOTE
General note Includes index.
504 ## - BIBLIOGRAPHY, ETC. NOTE
Bibliography, etc Bibliography: p. [321]-337.
651 #0 - SUBJECT ADDED ENTRY--GEOGRAPHIC NAME
Geographic name Africa
General subdivision Politics and government
Chronological subdivision 1960-
906 ## - LOCAL DATA ELEMENT F, LDF (RLIN)
a 7
b cbc
c orignew
d u
e ncip
f 19
g y-gencatlg
942 ## - ADDED ENTRY ELEMENTS (KOHA)
Source of classification or shelving scheme Dewey Decimal Classification
Koha item type Books
Holdings
Withdrawn status Lost status Source of classification or shelving scheme Damaged status Not for loan Home library Current library Date acquired Total Checkouts Full call number Barcode Date last seen Price effective from Koha item type
    Dewey Decimal Classification     County Hall Archives County Hall Archives 06/20/2023   320.96 TOR 10000895 06/20/2023 06/20/2023 Books
    Dewey Decimal Classification     County Hall Archives County Hall Archives 06/20/2023   320.96 TOR 10000892 06/20/2023 06/20/2023 Books
LIBRARY OPENING HOURS

When the Parliament is sitting: 8.00a.m - 7.00p.m or until the house adjourns
Mondays and Fridays and when the House is on Recess:  8.00a.m - 5.00p.m
Closed on Weekends and Public Holidays

Online Public Access Catalog (OPAC)
Website: http://www.parliament.go.ke
Bunge Library: https://libraryir.parliament.go.ke
Contact: library@parliament.go.ke | Tel no: (254-2)2221291 or 2848000 Ext 5043